[Event "Ceske Budejovice op-B"]
[Site "Ceske Budejovice"]
[Date "2023.07.05"]
[Round "5"]
[White "Kutak, Jaroslav1111"]
[Black "Jilek, Pavel"]
[Result "0-1"]
[WhiteElo "1268"]
[BlackElo "1124"]
[PlyCount "56"]
[EventDate "2023.07.01"]
[EventType "swiss"]
[EventRounds "9"]
[EventCountry "CZE"]
[SourceTitle "EXT 2024"]
[Source "ChessBase"]
[SourceDate "2023.10.10"]
[SourceVersion "1"]
[SourceVersionDate "2023.10.10"]
[SourceQuality "1"]

1. e4 e5 2. Nf3 d6 3. d4 Be7 4. d5 Nf6 5. Nc3 Bg4 6. h3 Bxf3 7. Qxf3 c6 8. Qg3 Nh5 9. Qg4 g6 10. Bc4 b5 11. Bb3 Nf6 12. Qf3 b4 13. Bh6 bxc3 14. Bg7 Rg8 15. Bxf6 Bxf6 16. Qxc3 Qb6 17. Ba4 Kd7 18. 0-0 a5 19. Qf3 Ke7 20. Qc3 Rc8 21. Qc4 Qb4 22. Qxb4 axb4 23. Bb3 c5 24. f4 c4 25. fxe5 Bxe5 26. Rf3 cxb3 27. cxb3 Bxb2 28. Raf1 f6 0-1

[Event "Ceske Budejovice op-B"]
[Site "Ceske Budejovice"]
[Date "2023.07.03"]
[Round "3"]
[White "Yurchenko, Daniil"]
[Black "Jilek, Pavel"]
[Result "1/2-1/2"]
[WhiteElo "1239"]
[BlackElo "1124"]
[PlyCount "111"]
[EventDate "2023.07.01"]
[EventType "swiss"]
[EventRounds "9"]
[EventCountry "CZE"]
[SourceTitle "EXT 2024"]
[Source "ChessBase"]
[SourceDate "2023.10.10"]
[SourceVersion "1"]
[SourceVersionDate "2023.10.10"]
[SourceQuality "1"]

1. e4 e5 2. Nf3 d6 3. Bc4 Bg4 4. d3 Bxf3 5. Qxf3 Qf6 6. Qg4 Ne7 7. Bg5 Qg6 8. h4 h5 9. Qh3 Nd7 10. Nc3 c6 11. 0-0-0 f5 12. f3 Nb6 13. Bb3 0-0-0 14. Rhg1 Kb8 15. g4 f4 16. gxh5 Qxh5 17. Qe6 Rd7 18. Na4 Qg6 19. Bxe7 Qxe6 20. Bxe6 Rxe7 21. Nxb6 axb6 22. Bf5 Rxh4 23. d4 d5 24. c4 Rh5 25. Bg4 Rh6 26. cxd5 cxd5 27. exd5 Rd6 28. Be6 Rc7+ 29. Kb1 Rc4 30. dxe5 Rd8 31. d6 Rc6 32. Bf7 Rc5 33. Rd5 Rc6 34. d7 Kc7 35. Be8 b5 36. Rxb5 b6 37. Rg4 Rc4 38. b3 Rd4 39. Kc2 Ra8 40. a4 Ra5 41. Rxa5 bxa5 42. Kc3 Rb4 43. Rg1 Kd8 44. Rc1 Rb7 45. Kd4 Rb8 46. Ke4 g5 47. Kf5 Be7 48. Rc8+ Rxc8 49. dxc8Q+ Kxc8 50. Ke6 Kd8 51. Bb5 Bb4 52. Kf5 Be7 53. Ke6 Bf8 54. Kf6 Be7+ 55. Ke6 Bf8 56. Kf6 1/2-1/2

[Event "Ceske Budejovice op-B"]
[Site "Ceske Budejovice"]
[Date "2023.07.01"]
[Round "1"]
[White "Svoboda, Marek"]
[Black "Jilek, Pavel"]
[Result "1-0"]
[WhiteElo "1590"]
[BlackElo "1124"]
[PlyCount "59"]
[EventDate "2023.07.01"]
[EventType "swiss"]
[EventRounds "9"]
[EventCountry "CZE"]
[SourceTitle "EXT 2024"]
[Source "ChessBase"]
[SourceDate "2023.10.10"]
[SourceVersion "1"]
[SourceVersionDate "2023.10.10"]
[SourceQuality "1"]

1. d4 c6 2. c4 e6 3. Nf3 h6 4. e4 d6 5. Nc3 Be7 6. Bd3 Nd7 7. 0-0 Ngf6 8. e5 dxe5 9. dxe5 Nh7 10. Bf4 Ng5 11. Qe2 Nc5 12. Bc2 Qa5 13. a3 Qc7 14. Rfd1 Bd7 15. b4 Nxf3+ 16. Qxf3 Na6 17. Ne4 0-0-0 18. Nd6+ Bxd6 19. exd6 Qb8 20. b5 cxb5 21. cxb5 Nc5 22. Qc3 b6 23. Be4 g5 24. Be5 Rhe8 25. Rac1 f5 26. Bc6 Rf8 27. Qf3 Rde8 28. Bxd7+ Kxd7 29. Qc6+ Kd8 30. d7 1-0

[Event "Ceske Budejovice op-B"]
[Site "Ceske Budejovice"]
[Date "2022.07.09"]
[Round "9"]
[White "Klimes, Miroslav"]
[Black "Jilek, Pavel"]
[Result "1-0"]
[WhiteElo "1007"]
[BlackElo "1142"]
[PlyCount "103"]
[EventDate "2022.07.01"]
[EventType "swiss"]
[EventRounds "9"]
[EventCountry "CZE"]
[SourceTitle "EXT 2023"]
[Source "ChessBase"]
[SourceDate "2022.10.05"]
[SourceVersion "1"]
[SourceVersionDate "2022.10.05"]
[SourceQuality "1"]

1. e4 e5 2. Nf3 Nc6 3. Bc4 Be7 4. 0-0 d6 5. h3 Bf6 6. Nc3 Nge7 7. d3 Ng6 8. Nd5 Nf4 9. Bxf4 exf4 10. c3 Ne5 11. Nxe5 Bxe5 12. d4 Bf6 13. Nxf4 0-0 14. Re1 c6 15. d5 b5 16. Bb3 c5 17. a3 Be5 18. Nd3 Qg5 19. Nxe5 Qxe5 20. Qf3 a6 21. Re3 c4 22. Bc2 Bd7 23. Qg3 Rae8 24. Qxe5 dxe5 25. a4 f6 26. axb5 Bxb5 27. Ba4 Rb8 28. Re2 Rb6 29. Bxb5 axb5 30. f3 g6 31. Ra7 Rd8 32. g4 h6 33. h4 b4 34. cxb4 Rxb4 35. Rc7 Rb3 36. Kf2 Rdb8 37. d6 Rxb2 38. d7 Rxe2+ 39. Kxe2 Rd8 40. Rc8 Kf8 41. Rxd8+ Ke7 42. Rc8 Kxd7 43. Rxc4 Ke6 44. Rc6+ Kf7 45. Rc7+ Kg8 46. Kd3 g5 47. h5 Kf8 48. Kc4 Kg8 49. Kd5 Kf8 50. Ke6 Kg8 51. Kxf6 Kh8 52. Kg6 1-0

[Event "Ceske Budejovice op-B"]
[Site "Ceske Budejovice"]
[Date "2022.07.08"]
[Round "8"]
[White "Jilek, Pavel"]
[Black "Kouba, Petr"]
[Result "0-1"]
[WhiteElo "1142"]
[BlackElo "1696"]
[PlyCount "50"]
[EventDate "2022.07.01"]
[EventType "swiss"]
[EventRounds "9"]
[EventCountry "CZE"]
[SourceTitle "EXT 2023"]
[Source "ChessBase"]
[SourceDate "2022.10.05"]
[SourceVersion "1"]
[SourceVersionDate "2022.10.05"]
[SourceQuality "1"]

1. e4 c5 2. Bc4 Nc6 3. Qh5 e6 4. c3 Nf6 5. Qh4 Be7 6. d3 Ne5 7. Bb3 Nxd3+ 8. Kd2 Nxc1 9. Kxc1 d5 10. Ba4+ Bd7 11. Bxd7+ Qxd7 12. e5 Ne4 13. Qf4 Bg5 14. Qxg5 Nxg5 15. f4 Ne4 16. Ne2 d4 17. cxd4 cxd4 18. Nd2 Rc8+ 19. Kd1 Nf2+ 20. Ke1 Nxh1 21. b3 d3 22. Ng1 Nf2 23. Ngf3 Ng4 24. h3 Ne3 25. g3 Nc2+ 0-1

[Event "Ceske Budejovice op-B"]
[Site "Ceske Budejovice"]
[Date "2022.07.07"]
[Round "7"]
[White "Kutak, Jaroslav1111"]
[Black "Jilek, Pavel"]
[Result "1/2-1/2"]
[WhiteElo "1260"]
[BlackElo "1142"]
[PlyCount "94"]
[EventDate "2022.07.01"]
[EventType "swiss"]
[EventRounds "9"]
[EventCountry "CZE"]
[SourceTitle "EXT 2023"]
[Source "ChessBase"]
[SourceDate "2022.10.05"]
[SourceVersion "1"]
[SourceVersionDate "2022.10.05"]
[SourceQuality "1"]

1. e4 e5 2. Bc4 c6 3. Qh5 Qf6 4. Nf3 d6 5. d3 g6 6. Qg5 Be7 7. 0-0 Qxf3 8. Qxe7+ Nxe7 9. gxf3 b5 10. Bb3 Bh3 11. Re1 Na6 12. f4 Nc5 13. fxe5 dxe5 14. Be3 Na4 15. Bxa4 bxa4 16. d4 f6 17. f4 0-0 18. Nd2 Rf7 19. fxe5 fxe5 20. dxe5 Raf8 21. Bc5 Re8 22. Re3 Be6 23. Bxa7 Kg7 24. Bd4 g5 25. Rg3 h6 26. b3 Ng6 27. Nc4 Bxc4 28. bxc4 Nf4 29. e6+ Rf6 30. Bxf6+ Kxf6 31. e5+ Kg6 32. Re1 Nxe6 33. h4 c5 34. Rf1 Nd4 35. h5+ Kg7 36. Rf2 Rxe5 37. c3 Ne2+ 38. Rxe2 Rxe2 39. Rg2 Re3 40. Rd2 Rxc3 41. Rd7+ Kh8 42. Rd8+ Kh7 43. Rd7+ Kh8 44. Rd8+ Kg7 45. Rd7+ Kh8 46. Rd8+ Kg7 47. Rd7+ Kf6 1/2-1/2

[Event "Ceske Budejovice op-B"]
[Site "Ceske Budejovice"]
[Date "2020.07.09"]
[Round "9"]
[White "Jilek, Pavel"]
[Black "Kutak, Jaroslav"]
[Result "0-1"]
[WhiteElo "1234"]
[BlackElo "1737"]
[PlyCount "104"]
[EventDate "2020.07.01"]
[EventType "swiss"]
[EventRounds "9"]
[EventCountry "CZE"]
[SourceTitle "CBM 197 Extra"]
[Source "ChessBase"]
[SourceDate "2020.09.30"]
[SourceVersion "1"]
[SourceVersionDate "2020.09.30"]
[SourceQuality "1"]

1. e4 d5 2. c3 dxe4 3. Qa4+ Nc6 4. Qxe4 Nf6 5. Qd3 Bd7 6. Nf3 e5 7. Ng5 h6 8. Nh3 Bd6 9. Be2 0-0 10. 0-0 e4 11. Qc2 Qc8 12. d4 Bxh3 13. f3 Bf5 14. Qd1 exf3 15. Bxf3 Bg4 16. h3 Bxf3 17. Qxf3 Re8 18. Bxh6 Qe6 19. Bg5 Nh7 20. Bf4 Bxf4 21. Qxf4 Qe3+ 22. Qf2 Qxf2+ 23. Rxf2 Re1+ 24. Rf1 Re2 25. Rf2 Rae8 26. Nd2 Nf6 27. Kf1 Rxf2+ 28. Kxf2 Ne4+ 29. Nxe4 Rxe4 30. b3 Ne7 31. Rd1 c6 32. Rd3 b5 33. c4 bxc4 34. bxc4 Nf5 35. d5 cxd5 36. cxd5 Rd4 37. Ke2 Rxd3 38. Kxd3 Kf8 39. Kc4 Ke7 40. Kc5 Kd7 41. a4 Ne7 42. g4 g5 43. a5 Nc8 44. Kd4 Kd6 45. Ke4 Ne7 46. a6 f6 47. Kd4 Nxd5 48. Kc4 Nc7 49. Kd4 Nxa6 50. Ke4 Ke6 51. Kf3 Nc5 52. Kg3 a5 0-1

[Event "Ceske Budejovice op-B"]
[Site "Ceske Budejovice"]
[Date "2020.07.07"]
[Round "7"]
[White "Jilek, Pavel"]
[Black "Barth, Vit"]
[Result "0-1"]
[WhiteElo "1234"]
[BlackElo "1356"]
[PlyCount "82"]
[EventDate "2020.07.01"]
[EventType "swiss"]
[EventRounds "9"]
[EventCountry "CZE"]
[SourceTitle "CBM 197 Extra"]
[Source "ChessBase"]
[SourceDate "2020.09.30"]
[SourceVersion "1"]
[SourceVersionDate "2020.09.30"]
[SourceQuality "1"]

1. e4 d5 2. e5 Nc6 3. Bb5 e6 4. Nf3 Bd7 5. 0-0 Bc5 6. d4 Bb6 7. c3 Nge7 8. Bg5 h6 9. Bxe7 Nxe7 10. Bxd7+ Qxd7 11. a4 a5 12. b4 0-0 13. Qd3 axb4 14. cxb4 Rxa4 15. Rxa4 Qxa4 16. Qa3 Ra8 17. Qxa4 Rxa4 18. b5 Nf5 19. Nc3 Rc4 20. Ne2 Nxd4 21. Nfxd4 Bxd4 22. Nxd4 Rxd4 23. g3 Rb4 24. Rc1 Rc4 25. Rxc4 dxc4 26. Kf1 f6 27. f4 Kf7 28. Ke2 Kg6 29. g4 fxe5 30. fxe5 Kg5 31. h3 Kf4 32. Kd2 Kxe5 33. h4 Kd4 34. g5 hxg5 35. hxg5 e5 36. b6 cxb6 37. Kc2 c3 38. Kc1 Kd3 39. Kd1 e4 40. g6 e3 41. Ke1 c2 0-1

[Event "Ceske Budejovice op-B"]
[Site "Ceske Budejovice"]
[Date "2020.07.05"]
[Round "5"]
[White "Jilek, Pavel"]
[Black "Tuma, Hugo"]
[Result "1-0"]
[WhiteElo "1234"]
[BlackElo "1211"]
[PlyCount "61"]
[EventDate "2020.07.01"]
[EventType "swiss"]
[EventRounds "9"]
[EventCountry "CZE"]
[SourceTitle "CBM 197 Extra"]
[Source "ChessBase"]
[SourceDate "2020.09.30"]
[SourceVersion "1"]
[SourceVersionDate "2020.09.30"]
[SourceQuality "1"]

1. e4 e6 2. Nf3 d5 3. e5 c5 4. Be2 Nc6 5. c3 d4 6. d3 f6 7. Bf4 fxe5 8. Nxe5 Nxe5 9. Bxe5 Nf6 10. c4 Be7 11. 0-0 0-0 12. b3 Bd6 13. f4 Nd7 14. Bxd6 Rf6 15. Nd2 Rh6 16. Qe1 Qf6 17. Ne4 Qf5 18. Ng3 Qf6 19. Ne4 Qf5 20. Qg3 Rg6 21. Qh4 Nf6 22. Nxf6+ gxf6 23. Bh5 Rg7 24. Rf3 Rd7 25. Rg3+ Kh8 26. Bf8 b6 27. Be8 Rc7 28. Bd6 Rg7 29. Rxg7 Kxg7 30. Qg3+ Kh8 31. Bf8 1-0